Il lavoro nella Bibbia (Record no. 27654)
[ view plain ]
| 000 -LEADER | |
|---|---|
| fixed length control field | 00712nam a2200241Ia 4500 |
| 003 - CONTROL NUMBER IDENTIFIER | |
| control field | IT-RoPAU |
| 008 - FIXED-LENGTH DATA ELEMENTS--GENERAL INFORMATION | |
| fixed length control field | 120407s9999 xx 000 0 und d |
| 040 ## - CATALOGING SOURCE | |
| Original cataloging agency | IT-RoPAU |
| 040 ## - CATALOGING SOURCE | |
| Transcribing agency | IT-RoPAU |
| 041 ## - LANGUAGE CODE | |
| Language code of text/sound track or separate title | ita |
| 100 ## - MAIN ENTRY--PERSONAL NAME | |
| Personal name | Margarita Riber |
| 245 ## - TITLE STATEMENT | |
| Title | Il lavoro nella Bibbia |
| 250 ## - EDITION STATEMENT | |
| Edition statement | Bari |
| 260 ## - PUBLICATION, DISTRIBUTION, ETC. (IMPRINT) | |
| Place of publication, distribution, etc. | Edizioni Paoline |
| 260 ## - PUBLICATION, DISTRIBUTION, ETC. (IMPRINT) | |
| Date of publication, distribution, etc. | 1969 |
| 300 ## - PHYSICAL DESCRIPTION | |
| Extent | 186 p. |
| 300 ## - PHYSICAL DESCRIPTION | |
| Dimensions | 18 cm |
| 490 ## - SERIES STATEMENT | |
| Series statement | La Bibbia e i problemi dell’uomo d’oggi |
| 490 ## - SERIES STATEMENT | |
| Volume/sequential designation | 17 |
| 600 ## - SUBJECT ADDED ENTRY--PERSONAL NAME | |
| Personal name | "Tit. orig.:El trabajo en la Biblia. Trad. E Laurenti Masi In testa al front.: Margarita Riber. 1. Bibbia, Concetto di lavoro I - Laurenti Masi , Elsa 220.8 BNI 69-9139" |
| 942 ## - ADDED ENTRY ELEMENTS (KOHA) | |
| Koha item type | LIBRO |
| Withdrawn status | Lost status | Source of classification or shelving scheme | Damaged status | Not for loan | Home library | Current library | Date acquired | Total Checkouts | Full call number | Date last seen | Price effective from | Koha item type | Public note |
|---|---|---|---|---|---|---|---|---|---|---|---|---|---|
| Dewey Decimal Classification | Buone Condizioni | Not For Loan | PAULUS-BIBLIOTECA | PAULUS-BIBLIOTECA | 11/04/2012 | 222.1417 | 11/04/2012 | 11/04/2012 | LIBRO | Inserito da: In data: n.d. fondo: Via A.Severo 56 Progr:12899 |